numbers 1 to 100 - Statistics

General Stats
  • This quiz has been taken 358 times
  • The average score is 73 of 100
Answer Stats
Answer % Correct
1
100%
2
99%
3
99%
4
99%
5
99%
6
99%
7
99%
8
98%
9
98%
10
96%
11
96%
12
95%
13
94%
14
94%
15
94%
16
93%
17
92%
18
92%
19
92%
20
91%
21
90%
22
90%
23
90%
24
89%
25
89%
26
89%
27
88%
28
88%
29
88%
30
87%
31
87%
32
87%
33
87%
34
86%
35
85%
36
85%
37
85%
38
85%
39
84%
40
83%
41
82%
42
82%
43
81%
44
81%
45
81%
46
81%
47
80%
48
80%
50
80%
49
79%
51
79%
52
79%
53
78%
54
77%
55
76%
56
75%
57
75%
58
75%
59
74%
60
73%
61
70%
62
69%
63
69%
64
68%
65
66%
66
66%
67
63%
68
62%
69
62%
70
60%
71
59%
72
58%
73
57%
74
57%
75
56%
76
55%
77
54%
78
53%
79
53%
80
52%
81
50%
82
49%
83
47%
84
47%
85
47%
86
47%
87
46%
88
46%
90
46%
89
45%
91
44%
92
43%
93
43%
94
42%
95
42%
100
41%
96
41%
97
40%
98
40%
99
40%
No matching quizzes found
Score Distribution
Percent of People with Each Score
Percentile by Number Answered
Your Score History
You have not taken this quiz